| 000 | 00552nam a2200181 i 4500 | ||
|---|---|---|---|
| 001 | 27943 | ||
| 003 | ES-MaACL | ||
| 005 | 20230906153732.0 | ||
| 008 | 030115s1929 sp |||| | spa d | ||
| 100 | 1 |
_aBalbontín, José Antonio, _d1893-1977 _924853 |
|
| 245 | 1 | 3 |
_aEl suicidio del príncipe Ariel / _cJosé Antonio Balbontín. |
| 260 |
_aMadrid : _b[s.n., _c1929] ( _fImp. Argis) |
||
| 300 |
_a330 p. ; _c20 cm. |
||
| 490 | 1 | _aLa novela social | |
| 830 | 0 |
_aLa novela social _9182565 |
|
| 852 |
_aES-MaACL _jB-2774 |
||
| 999 |
_c27943 _d27943 |
||